[Event "Deutscher Mix-Teampokal U12 2025"]
[Site "Bad Homburg GER"]
[Date "2025.07.20"]
[Round "4"]
[White "Jöhnke, Thore"]
[Black "Frikel, Konstantin"]
[Result "0-1"]
[Termination "normal"]
[Board "5.1"]
[WhiteElo "1159"]
[BlackElo "1359"]
[WhiteClock "00:23:18"]
[BlackClock "00:15:36"]
[WhiteTeam "SchVgg Blankenese 1923"]
[BlackTeam "SK Kelheim 1920"]
[PlyCount "110"]
[WhiteFideId "34699619"]
[BlackFideId "533002266"]
[EventCountry "GER"]
[EventRounds "5"]
[EventType "team-swiss"]
[EventDate "2025.07.18"]

1. e4 {[%clk 00:55:09]} {[%emt 14:03:49]} e5 {[%clk 00:55:07]} 2. Nf3 {[%clk
00:55:06]} Nc6 {[%clk 00:55:08]} 3. Bc4 {[%clk 00:55:04]} Nf6 {[%clk 00:55:08]}
4. d3 {[%clk 00:54:56]} h6 {[%clk 00:55:07]} 5. Nc3 {[%clk 00:54:54]} Bc5
{[%clk 00:54:55]} 6. Be3 {[%clk 00:54:37]} Bb6 {[%clk 00:54:56]} 7. Qd2 {[%clk
00:53:50]} d6 {[%clk 00:54:48]} 8. a3 {[%clk 00:52:57]} Be6 {[%clk 00:54:05]}
9. Bxe6 {[%clk 00:52:41]} fxe6 {[%clk 00:54:02]} 10. Bxb6 {[%clk 00:51:49]}
{[%emt 00:00:17]} axb6 {[%clk 00:53:38]} {[%emt 00:00:29]} 11. Ne2 {[%clk
00:51:32]} {[%emt 00:00:21]} d5 {[%clk 00:52:43]} {[%emt 00:01:01]} 12. exd5
{[%clk 00:51:21]} {[%emt 00:00:16]} exd5 {[%clk 00:52:44]} {[%emt 00:00:04]}
13. Ng3 {[%clk 00:49:44]} {[%emt 00:01:42]} Qd7 {[%clk 00:51:28]} {[%emt
00:01:22]} 14. Qe2 {[%clk 00:48:29]} {[%emt 00:01:19]} Qe6 {[%clk 00:50:56]}
{[%emt 00:00:37]} 15. O-O-O {[%clk 00:46:58]} {[%emt 00:01:36]} O-O {[%clk
00:48:30]} {[%emt 00:02:31]} 16. Rde1 {[%clk 00:46:38]} {[%emt 00:00:24]} Rfe8
{[%clk 00:47:16]} {[%emt 00:01:20]} 17. Qd2 {[%clk 00:46:06]} {[%emt 00:00:33]}
e4 {[%clk 00:43:09]} {[%emt 00:04:16]} 18. h3 {[%clk 00:45:05]} {[%emt
00:01:07]} Qc8 {[%clk 00:36:11]} {[%emt 00:07:01]} 19. dxe4 {[%clk 00:44:32]}
{[%emt 00:00:39]} dxe4 {[%clk 00:36:07]} {[%emt 00:00:09]} 20. Nxe4 {[%clk
00:43:36]} {[%emt 00:01:00]} Nxe4 {[%clk 00:35:07]} {[%emt 00:01:05]} 21. Qd5+
{[%clk 00:41:56]} {[%emt 00:01:44]} Qe6 {[%clk 00:33:58]} {[%emt 00:01:17]} 22.
Qd3 {[%clk 00:40:09]} {[%emt 00:01:18]} Rad8 {[%clk 00:32:25]} {[%emt
00:02:12]} 23. Qb5 {[%clk 00:39:23]} {[%emt 00:00:44]} Qd5 {[%clk 00:30:46]}
{[%emt 00:01:50]} 24. Qxd5+ {[%clk 00:39:01]} {[%emt 00:00:28]} Rxd5 {[%clk
00:30:45]} {[%emt 00:00:06]} 25. Nh4 {[%clk 00:38:26]} {[%emt 00:00:39]} Rdd8
{[%clk 00:29:39]} {[%emt 00:01:11]} 26. f3 {[%clk 00:37:43]} {[%emt 00:00:48]}
Nf6 {[%clk 00:29:40]} {[%emt 00:00:04]} 27. Rxe8+ {[%clk 00:37:24]} {[%emt
00:00:24]} Rxe8 {[%clk 00:29:39]} {[%emt 00:00:07]} 28. b4 {[%clk 00:37:17]}
{[%emt 00:00:12]} b5 {[%clk 00:29:33]} {[%emt 00:00:11]} 29. Kb2 {[%clk
00:35:33]} {[%emt 00:01:46]} Kf7 {[%clk 00:29:04]} {[%emt 00:00:36]} 30. Rd1
{[%clk 00:35:22]} {[%emt 00:00:15]} Re5 {[%clk 00:28:03]} {[%emt 00:01:08]} 31.
g4 {[%clk 00:34:54]} {[%emt 00:00:31]} h5 {[%clk 00:26:21]} {[%emt 00:01:48]}
32. gxh5 {[%clk 00:34:21]} {[%emt 00:00:38]} Rxh5 {[%clk 00:26:13]} {[%emt
00:00:13]} 33. Ng2 {[%clk 00:33:36]} {[%emt 00:00:49]} Rxh3 {[%clk 00:26:12]}
{[%emt 00:00:07]} 34. f4 {[%clk 00:32:57]} {[%emt 00:00:43]} Kg6 {[%clk
00:23:42]} {[%emt 00:02:35]} 35. Rg1 {[%clk 00:32:37]} {[%emt 00:00:24]} Kf5
{[%clk 00:22:39]} {[%emt 00:01:10]} 36. Rf1 {[%clk 00:32:07]} {[%emt 00:00:31]}
Nd5 {[%clk 00:21:15]} {[%emt 00:01:33]} 37. c3 {[%clk 00:31:50]} {[%emt
00:00:21]} Nxc3 {[%clk 00:19:16]} {[%emt 00:02:05]} 38. Re1 {[%clk 00:29:56]}
{[%emt 00:01:59]} Nd5 {[%clk 00:18:50]} {[%emt 00:00:30]} 39. Rf1 {[%clk
00:28:45]} {[%emt 00:01:17]} Rh2 {[%clk 00:18:04]} {[%emt 00:00:52]} 40. Kc1
{[%clk 00:27:45]} {[%emt 00:00:47]} Rxg2 {[%clk 00:18:04]} {[%emt 00:00:23]}
41. Rh1 {[%clk 00:27:20]} {[%emt 00:00:28]} Nxf4 {[%clk 00:17:58]} {[%emt
00:00:12]} 42. Rh7 {[%clk 00:26:26]} {[%emt 00:00:59]} Ke4 {[%clk 00:17:24]}
{[%emt 00:00:38]} 43. Rh8 {[%clk 00:25:58]} {[%emt 00:00:34]} Kd3 {[%clk
00:16:54]} {[%emt 00:00:35]} 44. Rh1 {[%clk 00:25:40]} {[%emt 00:00:23]} Ne2+
{[%clk 00:16:23]} {[%emt 00:00:36]} 45. Kd1 {[%clk 00:25:12]} {[%emt 00:00:18]}
Rg1+ {[%clk 00:16:24]} {[%emt 00:00:19]} 46. Rxg1 {[%clk 00:25:09]} {[%emt
00:00:08]} Nxg1 {[%clk 00:16:25]} {[%emt 00:00:04]} 47. Kc1 {[%clk 00:25:07]}
{[%emt 00:00:07]} g5 {[%clk 00:16:21]} {[%emt 00:00:09]} 48. Kd1 {[%clk
00:24:53]} {[%emt 00:00:18]} Nf3 {[%clk 00:16:22]} {[%emt 00:00:06]} 49. Kc1
{[%clk 00:24:24]} {[%emt 00:00:34]} g4 {[%clk 00:16:23]} {[%emt 00:00:04]} 50.
Kb2 {[%clk 00:24:24]} {[%emt 00:00:04]} g3 {[%clk 00:16:24]} {[%emt 00:00:04]}
51. Kb3 {[%clk 00:24:24]} {[%emt 00:00:05]} g2 {[%clk 00:16:18]} {[%emt
00:00:12]} 52. a4 {[%clk 00:24:26]} {[%emt 00:00:02]} g1=Q {[%clk 00:16:07]}
{[%emt 00:00:15]} 53. axb5 {[%clk 00:24:16]} {[%emt 00:00:15]} Qb1+ {[%clk
00:15:56]} {[%emt 00:00:16]} 54. Ka3 {[%clk 00:23:58]} {[%emt 00:00:23]} Kc3
{[%clk 00:15:44]} {[%emt 00:00:18]} 55. bxc6 {[%clk 00:23:18]} {[%emt
00:00:45]} Qb3# {[%clk 00:15:36]} {[%emt 00:00:13]} 0-1

[Event "Deutscher Mix-Teampokal U12 2025"]
[Site "Bad Homburg GER"]
[Date "2025.07.20"]
[Round "4"]
[White "Nickel, Alexander"]
[Black "Du, Vivian"]
[Result "0-1"]
[Termination "normal"]
[Board "5.2"]
[WhiteElo "1418"]
[BlackElo "1412"]
[WhiteClock "00:10:33"]
[BlackClock "00:18:43"]
[WhiteTeam "SK Kelheim 1920"]
[BlackTeam "SchVgg Blankenese 1923"]
[PlyCount "110"]
[WhiteFideId "533011656"]
[BlackFideId "533025924"]
[EventCountry "GER"]
[EventRounds "5"]
[EventType "team-swiss"]
[EventDate "2025.07.18"]

1. e4 {[%clk 00:55:09]} e5 {[%clk 00:55:02]} 2. Nf3 {[%clk 00:55:12]} Nc6
{[%clk 00:54:58]} 3. Bc4 {[%clk 00:55:15]} Bc5 {[%clk 00:54:54]} 4. c3 {[%clk
00:55:16]} Nf6 {[%clk 00:54:20]} 5. d3 {[%clk 00:55:15]} d6 {[%clk 00:53:43]}
6. b4 {[%clk 00:54:57]} Bb6 {[%clk 00:53:31]} 7. a4 {[%clk 00:54:59]} a5 {[%clk
00:52:44]} 8. b5 {[%clk 00:54:54]} Ne7 {[%clk 00:52:38]} 9. h3 {[%clk
00:54:50]} Ng6 {[%clk 00:51:12]} 10. Be3 {[%clk 00:54:35]} {[%emt 00:00:16]}
Bxe3 {[%clk 00:50:33]} {[%emt 00:00:43]} 11. fxe3 {[%clk 00:54:33]} {[%emt
00:00:07]} c6 {[%clk 00:49:32]} {[%emt 00:01:06]} 12. bxc6 {[%clk 00:53:57]}
{[%emt 00:00:41]} bxc6 {[%clk 00:49:29]} {[%emt 00:00:07]} 13. O-O {[%clk
00:53:22]} {[%emt 00:00:41]} O-O {[%clk 00:49:03]} {[%emt 00:00:31]} 14. Nbd2
{[%clk 00:52:21]} {[%emt 00:01:06]} d5 {[%clk 00:48:50]} {[%emt 00:00:19]} 15.
exd5 {[%clk 00:52:14]} {[%emt 00:00:12]} Nxd5 {[%clk 00:48:42]} {[%emt
00:00:12]} 16. Bxd5 {[%clk 00:51:33]} {[%emt 00:00:46]} cxd5 {[%clk 00:48:41]}
{[%emt 00:00:07]} 17. d4 {[%clk 00:51:16]} {[%emt 00:00:22]} e4 {[%clk
00:48:23]} {[%emt 00:00:22]} 18. Ne5 {[%clk 00:50:39]} {[%emt 00:00:42]} Nxe5
{[%clk 00:48:17]} {[%emt 00:00:10]} 19. dxe5 {[%clk 00:50:42]} {[%emt
00:00:03]} Qg5 {[%clk 00:47:56]} {[%emt 00:00:25]} 20. Qe1 {[%clk 00:35:43]}
{[%emt 00:15:04]} Bxh3 {[%clk 00:46:18]} {[%emt 00:01:44]} 21. Qf2 {[%clk
00:34:59]} {[%emt 00:00:48]} Be6 {[%clk 00:44:40]} {[%emt 00:01:44]} 22. Qf4
{[%clk 00:34:01]} {[%emt 00:01:02]} Qxf4 {[%clk 00:44:21]} {[%emt 00:00:24]}
23. Rxf4 {[%clk 00:34:03]} {[%emt 00:00:03]} Rfc8 {[%clk 00:44:01]} {[%emt
00:00:26]} 24. Rc1 {[%clk 00:32:57]} {[%emt 00:01:11]} Bd7 {[%clk 00:41:54]}
{[%emt 00:02:12]} 25. c4 {[%clk 00:31:54]} {[%emt 00:01:08]} Bxa4 {[%clk
00:41:00]} {[%emt 00:00:58]} 26. Ra1 {[%clk 00:31:01]} {[%emt 00:00:57]} Bc6
{[%clk 00:40:03]} {[%emt 00:01:05]} 27. cxd5 {[%clk 00:30:41]} {[%emt
00:00:25]} Bxd5 {[%clk 00:39:56]} {[%emt 00:00:11]} 28. Ra4 {[%clk 00:30:07]}
{[%emt 00:00:39]} Re8 {[%clk 00:38:28]} {[%emt 00:01:33]} 29. Nxe4 {[%clk
00:27:34]} {[%emt 00:02:38]} Rxe5 {[%clk 00:36:49]} {[%emt 00:01:43]} 30. Nc3
{[%clk 00:27:09]} {[%emt 00:00:31]} g5 {[%clk 00:33:02]} {[%emt 00:03:52]} 31.
Rfd4 {[%clk 00:25:53]} {[%emt 00:01:20]} Be6 {[%clk 00:31:46]} {[%emt
00:01:21]} 32. Re4 {[%clk 00:24:25]} {[%emt 00:01:31]} Rxe4 {[%clk 00:30:50]}
{[%emt 00:01:03]} 33. Rxe4 {[%clk 00:24:27]} {[%emt 00:00:04]} h5 {[%clk
00:29:17]} {[%emt 00:01:37]} 34. Re5 {[%clk 00:23:48]} {[%emt 00:00:43]} g4
{[%clk 00:27:52]} {[%emt 00:01:31]} 35. Rxh5 {[%clk 00:23:02]} {[%emt
00:00:52]} a4 {[%clk 00:27:07]} {[%emt 00:00:50]} 36. Rb5 {[%clk 00:22:58]}
{[%emt 00:00:08]} a3 {[%clk 00:25:52]} {[%emt 00:01:21]} 37. Rb1 {[%clk
00:22:52]} {[%emt 00:00:09]} a2 {[%clk 00:25:39]} {[%emt 00:00:19]} 38. Ra1
{[%clk 00:22:52]} {[%emt 00:00:05]} Ra3 {[%clk 00:25:02]} {[%emt 00:00:43]} 39.
Nd1 {[%clk 00:22:12]} {[%emt 00:00:44]} Rb3 {[%clk 00:23:23]} {[%emt 00:01:45]}
40. Rxa2 {[%clk 00:15:04]} {[%emt 00:07:13]} Rb1 {[%clk 00:23:19]} {[%emt
00:00:08]} 41. Rd2 {[%clk 00:14:31]} {[%emt 00:00:39]} Bb3 {[%clk 00:23:12]}
{[%emt 00:00:11]} 42. Kf2 {[%clk 00:13:53]} {[%emt 00:00:41]} Rxd1 {[%clk
00:22:45]} {[%emt 00:00:35]} 43. Rxd1 {[%clk 00:13:56]} {[%emt 00:00:02]} Bxd1
{[%clk 00:22:42]} {[%emt 00:00:09]} 44. Kg3 {[%clk 00:13:58]} {[%emt 00:00:03]}
Kg7 {[%clk 00:22:29]} {[%emt 00:00:17]} 45. Kf4 {[%clk 00:13:55]} {[%emt
00:00:07]} Kg6 {[%clk 00:22:10]} {[%emt 00:00:25]} 46. e4 {[%clk 00:13:30]}
{[%emt 00:00:31]} Kh5 {[%clk 00:21:43]} {[%emt 00:00:31]} 47. g3 {[%clk
00:13:28]} {[%emt 00:00:06]} Kg6 {[%clk 00:20:27]} {[%emt 00:01:21]} 48. e5
{[%clk 00:12:00]} {[%emt 00:01:34]} Bf3 {[%clk 00:19:56]} {[%emt 00:00:36]} 49.
Ke3 {[%clk 00:11:49]} {[%emt 00:00:16]} Kf5 {[%clk 00:19:44]} {[%emt 00:00:17]}
50. Kf2 {[%clk 00:10:49]} {[%emt 00:01:05]} Kxe5 {[%clk 00:19:42]} {[%emt
00:00:07]} 51. Ke3 {[%clk 00:10:51]} {[%emt 00:00:04]} f5 {[%clk 00:19:37]}
{[%emt 00:00:10]} 52. Kf2 {[%clk 00:10:40]} {[%emt 00:00:15]} f4 {[%clk
00:19:09]} {[%emt 00:00:32]} 53. gxf4+ {[%clk 00:10:40]} {[%emt 00:00:06]} Kxf4
{[%clk 00:19:05]} {[%emt 00:00:09]} 54. Kg1 {[%clk 00:10:36]} {[%emt 00:00:09]}
Kg3 {[%clk 00:18:45]} {[%emt 00:00:25]} 55. Kf1 {[%clk 00:10:33]} {[%emt
00:00:08]} Kh2 {[%clk 00:18:43]} {[%emt 00:00:07]} 0-1

[Event "Deutscher Mix-Teampokal U12 2025"]
[Site "Bad Homburg GER"]
[Date "2025.07.20"]
[Round "4"]
[White "He, Siqi"]
[Black "Riera Galmés, Lucia"]
[Result "0-1"]
[Termination "normal"]
[Board "5.3"]
[WhiteElo "1045"]
[BlackElo "1010"]
[WhiteClock "00:36:21"]
[BlackClock "00:22:16"]
[WhiteTeam "SchVgg Blankenese 1923"]
[BlackTeam "SK Kelheim 1920"]
[PlyCount "80"]
[WhiteFideId "34682708"]
[BlackFideId "533050694"]
[EventCountry "GER"]
[EventRounds "5"]
[EventType "team-swiss"]
[EventDate "2025.07.18"]

1. e4 {[%clk 00:55:08]} e5 {[%clk 00:55:09]} 2. Nf3 {[%clk 00:55:06]} Nc6
{[%clk 00:55:07]} 3. Bc4 {[%clk 00:55:06]} Nf6 {[%clk 00:55:04]} 4. d3 {[%clk
00:55:04]} Bc5 {[%clk 00:54:27]} 5. Nc3 {[%clk 00:54:59]} d6 {[%clk 00:54:23]}
6. h3 {[%clk 00:54:14]} h6 {[%clk 00:53:51]} {[%emt 00:00:06]} 7. O-O {[%clk
00:54:08]} {[%emt 00:00:11]} Bd7 {[%clk 00:53:10]} {[%emt 00:00:45]} 8. Nd5
{[%clk 00:53:55]} {[%emt 00:00:19]} O-O {[%clk 00:52:12]} {[%emt 00:01:02]} 9.
c3 {[%clk 00:53:03]} {[%emt 00:00:58]} Bb6 {[%clk 00:50:48]} {[%emt 00:01:29]}
10. Nxb6 cxb6 {[%clk 00:50:35]} 11. d4 {[%clk 00:52:23]} {[%emt 00:00:12]} exd4
{[%clk 00:50:05]} {[%emt 00:00:35]} 12. Nxd4 {[%clk 00:52:06]} {[%emt
00:00:22]} Nxe4 {[%clk 00:49:45]} {[%emt 00:00:25]} 13. Qf3 {[%clk 00:51:24]}
{[%emt 00:00:45]} Nf6 {[%clk 00:46:57]} {[%emt 00:02:55]} 14. Bb5 {[%clk
00:50:43]} {[%emt 00:00:46]} Nxd4 {[%clk 00:46:15]} {[%emt 00:00:47]} 15. cxd4
{[%clk 00:50:04]} {[%emt 00:00:44]} Bxb5 {[%clk 00:46:07]} {[%emt 00:00:14]}
16. Re1 {[%clk 00:49:26]} {[%emt 00:00:42]} Bc6 {[%clk 00:44:21]} {[%emt
00:01:51]} 17. Qg3 {[%clk 00:49:21]} {[%emt 00:00:09]} Ne4 {[%clk 00:43:55]}
{[%emt 00:00:32]} 18. Qg4 {[%clk 00:48:58]} {[%emt 00:00:22]} Nf6 {[%clk
00:42:58]} {[%emt 00:01:09]} 19. Qg3 {[%clk 00:48:27]} {[%emt 00:00:32]} Nh5
{[%clk 00:42:09]} {[%emt 00:00:57]} 20. Qg4 {[%clk 00:48:08]} {[%emt 00:00:19]}
Nf6 {[%clk 00:41:57]} {[%emt 00:00:22]} 21. Qg3 {[%clk 00:48:02]} {[%emt
00:00:10]} Ne4 {[%clk 00:41:18]} {[%emt 00:00:44]} 22. Qg4 {[%clk 00:47:57]}
{[%emt 00:00:10]} f5 {[%clk 00:40:15]} {[%emt 00:01:08]} 23. Qg6 {[%clk
00:46:32]} {[%emt 00:01:22]} Rf6 {[%clk 00:38:41]} {[%emt 00:01:47]} 24. Qh5
{[%clk 00:44:37]} {[%emt 00:01:58]} Rc8 {[%clk 00:36:43]} {[%emt 00:02:06]} 25.
f3 {[%clk 00:42:19]} {[%emt 00:02:21]} Ng5 {[%clk 00:34:55]} {[%emt 00:01:54]}
26. f4 {[%clk 00:42:04]} {[%emt 00:00:20]} Nf7 {[%clk 00:33:25]} {[%emt
00:01:35]} 27. Re3 {[%clk 00:40:43]} {[%emt 00:01:23]} Nh8 {[%clk 00:28:15]}
{[%emt 00:05:18]} 28. g4 {[%clk 00:39:32]} {[%emt 00:01:15]} fxg4 {[%clk
00:28:08]} {[%emt 00:00:13]} 29. Qxg4 {[%clk 00:39:33]} {[%emt 00:00:04]} Rg6
{[%clk 00:27:59]} {[%emt 00:00:15]} 30. Qxg6 {[%clk 00:39:00]} {[%emt
00:00:38]} Nxg6 {[%clk 00:27:56]} {[%emt 00:00:07]} 31. f5 {[%clk 00:38:55]}
{[%emt 00:00:10]} Qg5+ {[%clk 00:27:38]} {[%emt 00:00:23]} 32. Kf1 {[%clk
00:38:47]} {[%emt 00:00:13]} Qxf5+ {[%clk 00:27:10]} {[%emt 00:00:32]} 33. Ke2
{[%clk 00:38:40]} {[%emt 00:00:10]} Bb5+ {[%clk 00:27:07]} {[%emt 00:00:12]}
34. Ke1 {[%clk 00:38:29]} {[%emt 00:00:14]} Qf1+ {[%clk 00:26:20]} {[%emt
00:00:53]} 35. Kd2 {[%clk 00:38:02]} {[%emt 00:00:32]} Nf4 {[%clk 00:25:28]}
{[%emt 00:00:56]} 36. h4 {[%clk 00:37:17]} {[%emt 00:00:51]} Nd5 {[%clk
00:24:29]} {[%emt 00:01:04]} 37. Rg3 {[%clk 00:36:58]} {[%emt 00:00:24]} Qf4+
{[%clk 00:23:55]} {[%emt 00:00:27]} 38. Kd1 {[%clk 00:36:56]} {[%emt 00:00:18]}
Qxg3 {[%clk 00:23:22]} {[%emt 00:00:39]} 39. h5 {[%clk 00:36:29]} {[%emt
00:00:32]} Qd3+ {[%clk 00:22:21]} {[%emt 00:01:06]} 40. Bd2 {[%clk 00:36:21]}
{[%emt 00:00:12]} Qe2# {[%clk 00:22:16]} {[%emt 00:00:10]} 0-1

[Event "Deutscher Mix-Teampokal U12 2025"]
[Site "Bad Homburg GER"]
[Date "2025.07.20"]
[Round "4"]
[White "Strielnikova, Sofiia"]
[Black "Sengupta, Arjun"]
[Result "0-1"]
[Termination "normal"]
[Board "5.4"]
[WhiteElo "960"]
[BlackElo "1017"]
[WhiteClock "00:33:05"]
[BlackClock "00:39:51"]
[WhiteTeam "SK Kelheim 1920"]
[BlackTeam "SchVgg Blankenese 1923"]
[PlyCount "94"]
[WhiteFideId "533050686"]
[BlackFideId "34699937"]
[EventCountry "GER"]
[EventRounds "5"]
[EventType "team-swiss"]
[EventDate "2025.07.18"]

1. e4 {[%clk 00:55:09]} {[%emt 14:03:35]} e5 {[%clk 00:55:04]} 2. Nf3 {[%clk
00:55:12]} Nc6 {[%clk 00:55:04]} 3. Nc3 {[%clk 00:55:13]} Nf6 {[%clk 00:55:03]}
4. Bb5 {[%clk 00:55:12]} d6 {[%clk 00:54:44]} 5. d4 {[%clk 00:55:07]} exd4 6.
Nxd4 {[%clk 00:55:04]} Bd7 {[%clk 00:54:13]} 7. Bg5 {[%clk 00:54:52]} h6 {[%clk
00:54:03]} 8. Bh4 {[%clk 00:54:50]} Be7 {[%clk 00:53:49]} 9. O-O {[%clk
00:54:46]} O-O {[%clk 00:53:48]} 10. Nxc6 {[%clk 00:54:27]} Bxc6 11. Bxc6
{[%clk 00:54:23]} bxc6 {[%clk 00:53:40]} 12. Qf3 {[%clk 00:54:19]} Nd7 {[%clk
00:53:23]} 13. Bxe7 {[%clk 00:54:00]} Qxe7 {[%clk 00:53:18]} 14. Ne2 {[%clk
00:53:42]} Qf6 {[%clk 00:53:14]} 15. Qg3 {[%clk 00:53:14]} {[%emt 00:00:26]}
Qxb2 {[%clk 00:52:53]} {[%emt 00:00:26]} 16. Rfc1 {[%clk 00:52:09]} {[%emt
00:01:09]} Rfe8 {[%clk 00:51:27]} {[%emt 00:01:31]} 17. Qg4 {[%clk 00:51:33]}
{[%emt 00:00:40]} Nf6 {[%clk 00:51:05]} {[%emt 00:00:27]} 18. Qf3 {[%clk
00:50:33]} {[%emt 00:01:03]} Rxe4 {[%clk 00:50:50]} {[%emt 00:00:23]} 19. Ng3
{[%clk 00:50:24]} {[%emt 00:00:14]} Rc4 {[%clk 00:50:23]} {[%emt 00:00:22]} 20.
Qd3 {[%clk 00:50:06]} {[%emt 00:00:33]} Rc5 {[%clk 00:49:08]} {[%emt 00:01:20]}
21. h3 {[%clk 00:49:11]} {[%emt 00:01:00]} Qc3 {[%clk 00:48:42]} {[%emt
00:00:31]} 22. Qd1 {[%clk 00:48:11]} {[%emt 00:01:04]} Re8 {[%clk 00:48:29]}
{[%emt 00:00:18]} 23. Kh2 {[%clk 00:46:15]} {[%emt 00:02:01]} a5 {[%clk
00:48:12]} {[%emt 00:00:23]} 24. a4 {[%clk 00:44:22]} {[%emt 00:01:58]} Rd5
{[%clk 00:47:51]} {[%emt 00:00:26]} 25. Qf1 {[%clk 00:43:35]} {[%emt 00:00:51]}
Rd2 {[%clk 00:47:31]} {[%emt 00:00:24]} 26. Rab1 {[%clk 00:42:48]} {[%emt
00:00:54]} Rxc2 {[%clk 00:47:09]} {[%emt 00:00:27]} 27. Rxc2 {[%clk 00:42:38]}
{[%emt 00:00:15]} Qxc2 {[%clk 00:47:06]} {[%emt 00:00:09]} 28. Ra1 {[%clk
00:42:28]} {[%emt 00:00:14]} d5 {[%clk 00:46:20]} {[%emt 00:00:51]} 29. Qa6
{[%clk 00:41:51]} {[%emt 00:00:42]} Qc3 {[%clk 00:45:59]} {[%emt 00:00:23]} 30.
Ra2 {[%clk 00:41:30]} {[%emt 00:00:29]} d4 {[%clk 00:45:49]} {[%emt 00:00:15]}
31. Ne2 {[%clk 00:41:04]} {[%emt 00:00:31]} Qb3 {[%clk 00:45:13]} {[%emt
00:00:41]} 32. Nc1 {[%clk 00:40:57]} {[%emt 00:00:12]} Qd1 {[%clk 00:44:49]}
{[%emt 00:00:29]} 33. Ne2 {[%clk 00:40:29]} {[%emt 00:00:33]} Qb1 {[%clk
00:43:58]} {[%emt 00:00:53]} 34. Qc4 {[%clk 00:39:57]} {[%emt 00:00:39]} d3
{[%clk 00:43:36]} {[%emt 00:00:28]} 35. Nc3 {[%clk 00:39:56]} {[%emt 00:00:06]}
Qf1 {[%clk 00:43:09]} {[%emt 00:00:29]} 36. Qxc6 {[%clk 00:39:16]} {[%emt
00:00:48]} Re1 {[%clk 00:42:42]} {[%emt 00:00:32]} 37. Qxc7 {[%clk 00:38:45]}
{[%emt 00:00:36]} Qh1+ {[%clk 00:42:30]} {[%emt 00:00:16]} 38. Kg3 {[%clk
00:38:40]} {[%emt 00:00:11]} Rg1 {[%clk 00:42:23]} {[%emt 00:00:12]} 39. f3
{[%clk 00:37:25]} {[%emt 00:01:20]} Rc1 {[%clk 00:41:43]} {[%emt 00:00:35]} 40.
Qxa5 {[%clk 00:37:19]} {[%emt 00:00:20]} Qe1+ {[%clk 00:41:25]} {[%emt
00:00:23]} 41. Kh2 {[%clk 00:36:27]} {[%emt 00:00:54]} Qxc3 {[%clk 00:41:20]}
{[%emt 00:00:12]} 42. Qd8+ {[%clk 00:36:02]} {[%emt 00:00:30]} Kh7 {[%clk
00:41:14]} {[%emt 00:00:13]} 43. Rd2 {[%clk 00:35:38]} {[%emt 00:00:29]} Qxd2
{[%clk 00:40:49]} {[%emt 00:00:30]} 44. a5 {[%clk 00:35:15]} {[%emt 00:00:28]}
Ra1 {[%clk 00:40:30]} {[%emt 00:00:24]} 45. Qc7 {[%clk 00:34:04]} {[%emt
00:01:16]} Qxa5 {[%clk 00:40:09]} {[%emt 00:00:26]} 46. Qxf7 {[%clk 00:33:33]}
{[%emt 00:00:36]} Qe5+ {[%clk 00:39:51]} {[%emt 00:00:23]} 47. g3 {[%clk
00:33:05]} {[%emt 00:00:33]} Qe2# {[%clk 00:39:51]} {[%emt 00:00:05]} 0-1